| 000 | 00359 a2200133 4500 | ||
|---|---|---|---|
| 005 | 20160623144401.0 | ||
| 008 | 160623b xxu||||| |||| 00| 0 eng d | ||
| 020 | _a9789350098523 | ||
| 080 |
_a94(100) _bONT |
||
| 245 |
_aOn this day _bthe history of the world in 366 days |
||
| 260 |
_c2015 _aGurgaon _bHachette books |
||
| 653 | _aWorld history | ||
| 942 | _cREF | ||
| 999 |
_c85710 _d85709 |
||